Nagyszabású rádiókiállítás lesz Szegeden az Iparcsarnokban
Elmentve itt :
| Dokumentumtípus: | Cikk |
|---|---|
| Megjelent: |
1938-11-09
|
| Sorozat: | Délmagyarország
14 No. 243 |
| Kulcsszavak: | Rádiókiállítás Szeged 1938 |
| Online Access: | http://dmarchiv.bibl.u-szeged.hu/50268 |
| LEADER | 00452nab a2200145 i 4500 | ||
|---|---|---|---|
| 001 | delm50268 | ||
| 005 | 20180927134831.0 | ||
| 008 | 180927s1938 hu o 0|| hun d | ||
| 040 | |a SZTE Délmagyarország Archívum |b hun | ||
| 041 | |a hun | ||
| 245 | 0 | 0 | |a Nagyszabású rádiókiállítás lesz Szegeden az Iparcsarnokban |h [elektronikus dokumentum] |
| 260 | |c 1938-11-09 | ||
| 300 | |a 6 | ||
| 490 | 0 | |a Délmagyarország |v 14 No. 243 | |
| 695 | |a Rádiókiállítás Szeged 1938 | ||